Italian Cruisers of World War II - Statistics

General Stats
  • This quiz has been taken 67 times
  • The average score is 16 of 33
Answer Stats
Class Date Commissioned Service Tenure Fate Ship % Correct
Zara October 20, 1931 1931-1941 Sunk in the Battle of Cape Matapan, March 29, 1941 Zara
97%
Trento April 3, 1929 1929-1942 Sunk by HMS Umbra, June 15, 1942 Trento
94%
Bolzano August 19, 1933 1933-1944 Sunk by Italian and British Frogmen on June 21, 1944 Bolzano
89%
Duca d'Aosta July 13, 1935 1935-1959 Ceded to the USSR, scrapped in the early 1960's Emanuele Filiberto Duca d'Aosta
86%
Etna 53 percent complete N/A Scuttled in September 1943 Etna
83%
Duca degli Abruzzi December 1, 1937 1937-1961 Scrapped in 1972 Luigi di Savoia Duca degli Abruzzi
83%
Montecuccoli June 30, 1935 1935-1964 Scrapped in 1964 Raimondo Montecuccoli
83%
Giussano February 5 1931 1931-1941 Sunk in the Battle of Cape Bon, December 13, 1941 Alberto da Giussano
80%
Trento December 21, 1928 1928-1943 Sunk by American heavy bombers, April 10, 1943 Trieste
77%
Zara November 23, 1931 1931-1941 Sunk in the Battle of Cape Matapan, March 29, 1941 Fiume
74%
Cadorna September 30, 1931 1931-1951 Scrapped in 1951 Luigi Cadorna
74%
Zara December 23, 1931 1931-1944 Scrapped in 1946 Gorizia
71%
Zara December 21, 1932 1932-1941 Sunk in the Battle of Cape Matapan, March 29, 1941 Pola
71%
Duca degli Abruzzi December 1, 1937 1937-1971 Converted to guided missile cruiser, scrapped in 1976 Giuseppe Garibaldi
49%
Giussano June 9, 1931 1931-1941 Sunk in the Battle of Cape Bon December 13, 1941 Alberico da Barbiano
46%
Etna 53 percent complete N/A Scuttled in September 1943 Vesuvio
40%
Capitani Romani April 23, 1943 1943-1961 Ceded to France, scrapped in 1979 Scipione Africano
37%
Duca d'Aosta January 16, 1936 1936-1965 Transferred to Greece, scrapped in 1973 Eugenio di Savoia
34%
Cadorna April 29, 1933 1933-1941 Sunk by HMS Upright, February 25, 1941 Armando Diaz
31%
Capitani Romani May 15, 1942 1942-1961 Ceded to France, scrapped in 1979 Attilio Regolo
31%
Giussano January 1, 1931 1931-1942 Sunk by HMS Urge, April 1, 1942 Giovanni del Bande Nere
31%
Capitani Romani N/A N/A Captured by the Germans, scuttled in 1944 Caio Mario
29%
Giussano February 10, 1932 1932-1940 Sunk in the Battle of Cape Spada, July 19, 1940 Bartolomeo Colleoni
26%
Capitani Romani Cancelled June 1940 N/A Scrapped between 1941-1942 Claudio Tiberio
26%
Capitani Romani N/A N/A Captured by Germans, sunk in air raid in July 1944 Cornelio Silla
26%
Capitani Romani January 19, 1956 1956-1971 Scrapped in 1971? Giulio Germanico
26%
Montecuccoli August 7, 1935 1935-1942 Sunk by B-24 bombers, December 4, 1942 Muzio Attendolo
26%
Capitani Romani Cancelled June 1940 N/A Scrapped between 1941-1942 Paolo Emilio
26%
Capitani Romani N/A N/A Captured by Germans, sunk in air attack, November 1, 1943 Ottaviano Augusto
23%
Capitani Romani N/A N/A Sunk by British human submarine while fitting out Ulpio Traiano
23%
Capitani Romani Cancelled June 1940 N/A Scrapped between 1941-1942 Claudio Druso
20%
Capitani Romani June 4, 1943 1943-1980 Scrapped in 1980 Pompeo Magnus
17%
Capitani Romani Cancelled June 1940 N/A Scrapped 1941-1942 Vipsanio Agrippa
17%
No matching quizzes found
Score Distribution
Percent of People with Each Score
Percentile by Number Answered
Your Score History
You have not taken this quiz